| 000 | 00631nam a2200217 i 4500 | ||
|---|---|---|---|
| 001 | 73718 | ||
| 003 | ES-MaACL | ||
| 005 | 20260525062928.0 | ||
| 007 | t| | ||
| 008 | 040910s1958 sp ||||1| spa d | ||
| 100 | 1 |
_aGómez de la Serna, Ramón, _d1888-1963 _957901 |
|
| 245 | 1 | 0 |
_aGoya / _cRamón Gómez de la Serna. |
| 250 | _a2ª ed. | ||
| 260 |
_a[Madrid] : _bEspasa-Calpe, _c[1958] |
||
| 300 |
_a226 p. : _bil. ; _c18 cm. |
||
| 490 | 1 |
_aColección austral ; _v920 |
|
| 600 | 1 | 4 |
_aGoya, Francisco de, _d1746-1828 _9240353 |
| 830 | 0 |
_aColección austral _v920 _9177655 |
|
| 852 |
_aES-MaACL _jD-1560 _bR.43190 |
||
| 999 |
_c73718 _d73718 |
||